<?xml version="1.0" encoding="UTF-8"?><record xmlns="http://www.loc.gov/MARC21/slim" xmlns:zs="http://docs.oasis-open.org/ns/search-ws/sruResponse">
  <leader>06202cam a22011293a 4500</leader>
  <controlfield tag="001">16362935</controlfield>
  <controlfield tag="005">20250607035906.1</controlfield>
  <controlfield tag="008">910916s1793    it            000 1 ita d</controlfield>
  <datafield ind1=" " ind2=" " tag="906">
    <subfield code="a">7</subfield>
    <subfield code="b">cbc</subfield>
    <subfield code="c">copycat</subfield>
    <subfield code="d">3</subfield>
    <subfield code="e">ncip</subfield>
    <subfield code="f">20</subfield>
    <subfield code="g">y-genmusic</subfield>
  </datafield>
  <datafield ind1=" " ind2=" " tag="955">
    <subfield code="e">vl34 2012-01-23 microfilm added</subfield>
  </datafield>
  <datafield ind1=" " ind2=" " tag="955">
    <subfield code="a">LCAP batch update 2025-06-01-04:00: LCAPM-644, LCAPM-893</subfield>
  </datafield>
  <datafield ind1=" " ind2=" " tag="010">
    <subfield code="a">  2010663120</subfield>
  </datafield>
  <datafield ind1=" " ind2=" " tag="035">
    <subfield code="a">16362935</subfield>
  </datafield>
  <datafield ind1=" " ind2=" " tag="035">
    <subfield code="a">(DLC)musschatz.16509</subfield>
  </datafield>
  <datafield ind1=" " ind2=" " tag="035">
    <subfield code="a">(CStRLIN)VAUP91-B3592</subfield>
  </datafield>
  <datafield ind1=" " ind2=" " tag="040">
    <subfield code="a">ViU</subfield>
    <subfield code="c">ViU</subfield>
    <subfield code="d">DLC</subfield>
  </datafield>
  <datafield ind1="0" ind2=" " tag="041">
    <subfield code="a">ita</subfield>
  </datafield>
  <datafield ind1="0" ind2="0" tag="050">
    <subfield code="a">ML48</subfield>
    <subfield code="b">[S8126]</subfield>
  </datafield>
  <datafield ind1=" " ind2=" " tag="051">
    <subfield code="a">Microfilm Music 1854, reel 168.</subfield>
    <subfield code="c">Microfilm. Washington, D.C. : Library of Congress, [197-]. 1 microfilm reel ; 35 mm.</subfield>
  </datafield>
  <datafield ind1="1" ind2=" " tag="100">
    <subfield code="a">Piccinni, Niccolò,</subfield>
    <subfield code="d">1728-1800.</subfield>
    <subfield code="4">cmp</subfield>
  </datafield>
  <datafield ind1="1" ind2="0" tag="240">
    <subfield code="a">Ercole al Termedonte.</subfield>
    <subfield code="s">Libretto.</subfield>
    <subfield code="l">Italian</subfield>
  </datafield>
  <datafield ind1="1" ind2="0" tag="245">
    <subfield code="a">Ercole al Termedonte :</subfield>
    <subfield code="b">dramma per musica [d]a rappresentarsi nel Real Teatro di S. Carlo nel di 12. di gennajo 1793 : festeggiandosi la nascita di [F]erdinando IV. nostro amabilissimo sovrano ed alla S.R.M. dedicato.</subfield>
  </datafield>
  <datafield ind1=" " ind2=" " tag="260">
    <subfield code="a">[In] Napoli :</subfield>
    <subfield code="b">[P]resso Vincenzo F[lau]to, [sore],</subfield>
    <subfield code="c">1793.</subfield>
  </datafield>
  <datafield ind1=" " ind2=" " tag="300">
    <subfield code="a">20, 24, [2] p. ;</subfield>
    <subfield code="c">15 cm.</subfield>
  </datafield>
  <datafield ind1=" " ind2=" " tag="336">
    <subfield code="a">text</subfield>
    <subfield code="b">txt</subfield>
    <subfield code="2">rdacontent</subfield>
  </datafield>
  <datafield ind1=" " ind2=" " tag="337">
    <subfield code="a">unmediated</subfield>
    <subfield code="b">n</subfield>
    <subfield code="2">rdamedia</subfield>
  </datafield>
  <datafield ind1=" " ind2=" " tag="338">
    <subfield code="a">volume</subfield>
    <subfield code="b">nc</subfield>
    <subfield code="2">rdacarrier</subfield>
  </datafield>
  <datafield ind1=" " ind2=" " tag="500">
    <subfield code="a">U.S. RISM Libretto Project.</subfield>
  </datafield>
  <datafield ind1=" " ind2=" " tag="500">
    <subfield code="a">Two acts; director's dedication signed: Giuseppe Coletta--p. 5-6; foreword--p. 7; scene and ballet descriptions--p. 8-9.</subfield>
  </datafield>
  <datafield ind1=" " ind2=" " tag="500">
    <subfield code="a">"Inventore, e architetto delle scene il Sig. D. Domenico Chelli professore della nobile Accademia fiorentina coll'onore di ajutante della real foriera di S.M. (D.G.)"--p. 9.</subfield>
  </datafield>
  <datafield ind1=" " ind2=" " tag="500">
    <subfield code="a">"Macchinista, e custode del Real Teatro di S. Carlo il Sig. D. Lorenzo Smiráglia, coll'onore, ed uniforme di mozzo di ufficio"--p. 9.</subfield>
  </datafield>
  <datafield ind1=" " ind2=" " tag="500">
    <subfield code="a">"Inventore, e direttore del battimento il Sig. D. Vincenzo Petrocelli maestro di spada napolitano"--p. 9.</subfield>
  </datafield>
  <datafield ind1=" " ind2=" " tag="500">
    <subfield code="a">"Inventrice, e direttrice del vestiario la Sig. D. Antonia Buonocore Cutillo"--p. 9.</subfield>
  </datafield>
  <datafield ind1=" " ind2=" " tag="500">
    <subfield code="a">"Primi ballerini serj assoluti, Sig. Michele Fabiani, Sig. Eleonora Duprê"--p. 10</subfield>
  </datafield>
  <datafield ind1=" " ind2=" " tag="500">
    <subfield code="a">"Primi ballerini serj, e di mezzo carattere, Sig. Giambattista Giannini, Sig. Anna Beretti"--p. 10.</subfield>
  </datafield>
  <datafield ind1=" " ind2=" " tag="500">
    <subfield code="a">"Primi grotteschi assoliti, Sig. Giuseppe Scalese, Sig. Anna Maria Zanini"--p. 10.</subfield>
  </datafield>
  <datafield ind1=" " ind2=" " tag="500">
    <subfield code="a">"Primi grotteschi, Sig. Giuseppe Formichi, Sig. Lucia Bertini"--p. 10.</subfield>
  </datafield>
  <datafield ind1=" " ind2=" " tag="500">
    <subfield code="a">"Altri grotteschi, Sig. Antonio Sichera, Sig. Violante Gherardini"--p. 10.</subfield>
  </datafield>
  <datafield ind1=" " ind2=" " tag="500">
    <subfield code="a">"Ballerino di mezzo carattere, Sig. Carlo Bianciardi"--p. 10.</subfield>
  </datafield>
  <datafield ind1=" " ind2=" " tag="500">
    <subfield code="a">"Ballerino per le parti, Sig. Luigi Marchiò"--p. 10.</subfield>
  </datafield>
  <datafield ind1=" " ind2=" " tag="500">
    <subfield code="a">"La musica è del signor D. Niccola Piccini maestro di cappella napoletano, ed ispetore de' tre conservatorj di questa città"--p. 20.</subfield>
  </datafield>
  <datafield ind1=" " ind2=" " tag="500">
    <subfield code="a">"Personaggi: ERCOLE. e per la di lui indisposizione il signor Francesco Ciccarelli musico di camera di Sua Altezza Elettorale di Magonza -- IPPOLITA. La Sig. Teresa Macciorletti Blasi -- ORIZIA. La Sig. Maddalena Ammonini -- TESEO. Il Sig. Francesco Roncaglia, virtuoso della Real cappella -- EVANDRO. Il Sig. Vincenzo Correggi--p. 20.</subfield>
  </datafield>
  <datafield ind1=" " ind2=" " tag="500">
    <subfield code="a">Includes descriptions of the accompanying ballets, "L'amanti schiavi" and "Gli europei nell'isola de canibali" which precede the libretto.</subfield>
  </datafield>
  <datafield ind1=" " ind2=" " tag="500">
    <subfield code="a">"Primo ballo intitolato L'amanti schiavi / composto, e diretto dal Sig. Giambattista Giannini"--p. 11; "Argomento"--p. 11; scenario--p. 13-18;Personaggi: ZORILAN. Il Sig. Giuseppe Formichi -- ZORAC. Il Sig. Luigi Marchiò -- ANGELICA. La Sig. Eleonora Duprè Fabiani -- MILORD WILCK. Il Sig. Michele Fabiani della Reale Accademia di Parigi, e all'attual servizio di S.A.R. l'infante duca di Parma ec. ec. ec. -- ABRA. La Sig. Anna Berretti -- ZUNCHI. Il Sig. Giuseppe Scalesi -- ZAIMO. Il Sig. Carlo Bianciardi -- MILORD BONFIL. Il Sig. Giambattista Giannini -- DUE CONFIDENTE DI ABRA. La Sig. Maria Zannini, la Sig. Lucia Albertini -- OFMAN/ETAN. Il Sig. Antonio Sichera, il Sig. Francesco del Giudice--p. 12.</subfield>
  </datafield>
  <datafield ind1=" " ind2=" " tag="500">
    <subfield code="a">"Secondo ballo intitolato Gli europei nell'isola de canibali / composto, e diretto dal Sig. Giambattista Giannini"--p. 19; "Argomento"--p. 19.</subfield>
  </datafield>
  <datafield ind1=" " ind2=" " tag="518">
    <subfield code="a">Performance: Napoli, Teatro di San Carlo, 1793.</subfield>
  </datafield>
  <datafield ind1=" " ind2="0" tag="650">
    <subfield code="a">Operas</subfield>
    <subfield code="v">Librettos.</subfield>
  </datafield>
  <datafield ind1=" " ind2="0" tag="650">
    <subfield code="a">Ballets</subfield>
    <subfield code="v">Scenarios.</subfield>
  </datafield>
  <datafield ind1=" " ind2=" " tag="653">
    <subfield code="a">Zorilan</subfield>
  </datafield>
  <datafield ind1=" " ind2=" " tag="653">
    <subfield code="a">Zorac</subfield>
  </datafield>
  <datafield ind1=" " ind2=" " tag="653">
    <subfield code="a">Angelica</subfield>
  </datafield>
  <datafield ind1=" " ind2=" " tag="653">
    <subfield code="a">Wilck</subfield>
  </datafield>
  <datafield ind1=" " ind2=" " tag="653">
    <subfield code="a">Abra</subfield>
  </datafield>
  <datafield ind1=" " ind2=" " tag="653">
    <subfield code="a">Zunchi</subfield>
  </datafield>
  <datafield ind1=" " ind2=" " tag="653">
    <subfield code="a">Zaimo</subfield>
  </datafield>
  <datafield ind1=" " ind2=" " tag="653">
    <subfield code="a">Bonfil</subfield>
  </datafield>
  <datafield ind1=" " ind2=" " tag="653">
    <subfield code="a">Ofman</subfield>
  </datafield>
  <datafield ind1=" " ind2=" " tag="653">
    <subfield code="a">Etan</subfield>
  </datafield>
  <datafield ind1=" " ind2=" " tag="653">
    <subfield code="a">Ercole</subfield>
  </datafield>
  <datafield ind1=" " ind2=" " tag="653">
    <subfield code="a">Ippolita</subfield>
  </datafield>
  <datafield ind1=" " ind2=" " tag="653">
    <subfield code="a">Orizia</subfield>
  </datafield>
  <datafield ind1=" " ind2=" " tag="653">
    <subfield code="a">Teseo</subfield>
  </datafield>
  <datafield ind1=" " ind2=" " tag="653">
    <subfield code="a">Evandro</subfield>
  </datafield>
  <datafield ind1=" " ind2="7" tag="655">
    <subfield code="a">Screenplays.</subfield>
    <subfield code="2">lcgft</subfield>
    <subfield code="0">https://id.loc.gov/authorities/genreForms/gf2014026533</subfield>
  </datafield>
  <datafield ind1="1" ind2=" " tag="720">
    <subfield code="a">Correggi, Vincenzo.</subfield>
    <subfield code="4">sng</subfield>
  </datafield>
  <datafield ind1="1" ind2=" " tag="720">
    <subfield code="a">Ferdinand I, King of the Two Sicilies, 1751-1825.</subfield>
    <subfield code="4">dte</subfield>
  </datafield>
  <datafield ind1="1" ind2=" " tag="720">
    <subfield code="a">Coletta Giuseppe.</subfield>
    <subfield code="4">drt</subfield>
    <subfield code="4">dto</subfield>
  </datafield>
  <datafield ind1="1" ind2=" " tag="720">
    <subfield code="a">Chelli, D. Domenico.</subfield>
    <subfield code="4">art</subfield>
  </datafield>
  <datafield ind1="1" ind2=" " tag="720">
    <subfield code="a">Smiráglia, D. Lorenzo.</subfield>
    <subfield code="4">prd</subfield>
  </datafield>
  <datafield ind1="1" ind2=" " tag="720">
    <subfield code="a">Petrocelli, D. Vincenzo.</subfield>
    <subfield code="4">prd</subfield>
  </datafield>
  <datafield ind1="1" ind2=" " tag="720">
    <subfield code="a">Buonocore Cutillo, D. Antonia.</subfield>
    <subfield code="4">cst</subfield>
  </datafield>
  <datafield ind1="1" ind2=" " tag="720">
    <subfield code="a">Fabiani, Michele.</subfield>
    <subfield code="4">dnc</subfield>
  </datafield>
  <datafield ind1="1" ind2=" " tag="720">
    <subfield code="a">Duprê, Eleonora.</subfield>
    <subfield code="4">dnc</subfield>
  </datafield>
  <datafield ind1="1" ind2=" " tag="720">
    <subfield code="a">Giannini, Giambattista.</subfield>
    <subfield code="4">chr</subfield>
    <subfield code="4">dnc</subfield>
  </datafield>
  <datafield ind1="1" ind2=" " tag="720">
    <subfield code="a">Beretti, Anna.</subfield>
    <subfield code="4">dnc</subfield>
  </datafield>
  <datafield ind1="1" ind2=" " tag="720">
    <subfield code="a">Scalese, Giuseppe.</subfield>
    <subfield code="4">dnc</subfield>
  </datafield>
  <datafield ind1="1" ind2=" " tag="720">
    <subfield code="a">Zanini, Anna Maria.</subfield>
    <subfield code="4">dnc</subfield>
  </datafield>
  <datafield ind1="1" ind2=" " tag="720">
    <subfield code="a">Formichi, Giuseppe.</subfield>
    <subfield code="4">dnc</subfield>
  </datafield>
  <datafield ind1="1" ind2=" " tag="720">
    <subfield code="a">Bertini, Lucia.</subfield>
    <subfield code="4">dnc</subfield>
  </datafield>
  <datafield ind1="1" ind2=" " tag="720">
    <subfield code="a">Sichera Antonio.</subfield>
    <subfield code="4">dnc</subfield>
  </datafield>
  <datafield ind1="1" ind2=" " tag="720">
    <subfield code="a">Ghererdini, Violante.</subfield>
    <subfield code="4">dnc</subfield>
  </datafield>
  <datafield ind1="1" ind2=" " tag="720">
    <subfield code="a">Bianciardi, Carlo.</subfield>
    <subfield code="4">dnc</subfield>
  </datafield>
  <datafield ind1="1" ind2=" " tag="720">
    <subfield code="a">Marchiò, Luigi.</subfield>
    <subfield code="4">dnc</subfield>
  </datafield>
  <datafield ind1="1" ind2=" " tag="720">
    <subfield code="a">Duprè Fabiani, Eleonora.</subfield>
    <subfield code="4">dnc</subfield>
  </datafield>
  <datafield ind1="1" ind2=" " tag="720">
    <subfield code="a">Berretti, Anna.</subfield>
    <subfield code="4">dnc</subfield>
  </datafield>
  <datafield ind1="1" ind2=" " tag="720">
    <subfield code="a">Zannini, Maria.</subfield>
    <subfield code="4">dnc</subfield>
  </datafield>
  <datafield ind1="1" ind2=" " tag="720">
    <subfield code="a">Albertini, Lucia.</subfield>
    <subfield code="4">dnc</subfield>
  </datafield>
  <datafield ind1="1" ind2=" " tag="720">
    <subfield code="a">Del Giudice, Francesco.</subfield>
    <subfield code="4">dnc</subfield>
  </datafield>
  <datafield ind1="1" ind2=" " tag="720">
    <subfield code="a">Mombelli, Domenico.</subfield>
    <subfield code="4">sng</subfield>
  </datafield>
  <datafield ind1="1" ind2=" " tag="720">
    <subfield code="a">Macciorletti Blasi, Teresa.</subfield>
    <subfield code="4">sng</subfield>
  </datafield>
  <datafield ind1="1" ind2=" " tag="720">
    <subfield code="a">Ammonini, Maddalena.</subfield>
    <subfield code="4">sng</subfield>
  </datafield>
  <datafield ind1="1" ind2=" " tag="720">
    <subfield code="a">Roncaglia, Francesco.</subfield>
    <subfield code="4">sng</subfield>
  </datafield>
  <datafield ind1="0" ind2="2" tag="730">
    <subfield code="a">Amanti schiavi (ballo).</subfield>
    <subfield code="s">Senario.</subfield>
    <subfield code="l">Italian.</subfield>
    <subfield code="f">1793.</subfield>
  </datafield>
  <datafield ind1="0" ind2="2" tag="730">
    <subfield code="a">Europei nell'isola de canibali (ballo).</subfield>
    <subfield code="f">1793.</subfield>
  </datafield>
  <datafield ind1="4" ind2="1" tag="856">
    <subfield code="u">http://hdl.loc.gov/loc.music/musschatz.16509</subfield>
  </datafield>
  <datafield ind1=" " ind2=" " tag="985">
    <subfield code="e">USRISMlibretto</subfield>
  </datafield>
  <datafield ind1=" " ind2=" " tag="985">
    <subfield code="e">musschatz_scanning_2016</subfield>
  </datafield>
</record>
